Identifikácia dlžníkov v Európskej únii a ich veriteľov diplomová práca

Saved in:
Bibliographic Details
Main Author: Hlatká, Lucia
Corporate Author: Obchodná fakulta EU. Katedra medzinárodného obchodu
Other Authors: Fifek, Edmund
Format: Book
Language:Slovak
Published: Bratislava 2018
Tags: Add Tag
No Tags, Be the first to tag this record!

MARC

LEADER 00000nbm a2200000 4500
001 0243246
005 20181003112530.3
041 0 |a slo 
044 |a SK 
245 1 0 |a Identifikácia dlžníkov v Európskej únii a ich veriteľov  |b diplomová práca  |c Lucia Hlatká ; školiteľ: Edmund Fifek 
264 1 |a Bratislava  |c 2018 
300 |a 66 s. 
100 1 |a Hlatká, Lucia 
700 1 |a Fifek, Edmund 
710 2 |a Obchodná fakulta EU. Katedra medzinárodného obchodu